Is it Larger - Statistics

General Stats
  • This quiz has been taken 25 times
  • The average score is 6 of 10
Answer Stats
Question Answer % Correct
Larger Canada
100%
Larger China
100%
Larger Democratic Republic of the Congo
100%
Larger Lietchtenstein
100%
Larger Russia
100%
Larger Saudi Arabia
100%
Larger Tuvalu
100%
Larger United States of America
75%
Larger Venezuela
67%
Larger India
50%
Larger United Kingdom
40%
Larger Belize
0%
Larger Lithuania
0%
Larger North Korea
0%
Larger Sri Lanka
0%
No matching quizzes found
Score Distribution
Percent of People with Each Score
Percentile by Number Answered
Your Score History
You have not taken this quiz